Uncover a Dolphin : (Record no. 8132)
[ view plain ]
| 000 -LEADER | |
|---|---|
| fixed length control field | 01551nam a22002297a 4500 |
| 001 - CONTROL NUMBER | |
| control field | 8132 |
| 003 - CONTROL NUMBER IDENTIFIER | |
| control field | FISKH |
| 005 - DATE AND TIME OF LATEST TRANSACTION | |
| control field | 20250827142207.0 |
| 008 - FIXED-LENGTH DATA ELEMENTS--GENERAL INFORMATION | |
| fixed length control field | 250827b cb ||||| |||| 00| 0 eng d |
| 020 ## - INTERNATIONAL STANDARD BOOK NUMBER | |
| International Standard Book Number | 9781592238798 |
| 040 ## - CATALOGING SOURCE | |
| Original cataloging agency | FISKH |
| Language of cataloging | eng |
| Transcribing agency | FISKH |
| Modifying agency | FISKH |
| 050 ## - LIBRARY OF CONGRESS CALL NUMBER | |
| Classification number | QL737.C432 G67 |
| 082 ## - DEWEY DECIMAL CLASSIFICATION NUMBER | |
| Classification number | 599.53 |
| 100 ## - MAIN ENTRY--PERSONAL NAME | |
| Personal name | Gordon, David George |
| 245 ## - TITLE STATEMENT | |
| Title | Uncover a Dolphin : |
| Remainder of title | Uncover books / |
| Statement of responsibility, etc. | by David George Gordon |
| 260 ## - PUBLICATION, DISTRIBUTION, ETC. | |
| Place of publication, distribution, etc. | San Diego : |
| Name of publisher, distributor, etc. | Silver Books, |
| Date of publication, distribution, etc. | 2008. |
| 300 ## - PHYSICAL DESCRIPTION | |
| Extent | 14 unnumbered pages : |
| Other physical details | color illustrations ; |
| Dimensions | 30 cm |
| 520 ## - SUMMARY, ETC. | |
| Summary, etc. | Did you know that dolphins drink milk? Or that some scientists believe dolphins' ancestors once walked on land? Today, there are 37 different kinds of dolphins, from the familiar bottlenose to some rare river-dwellers. Uncover the secrets of dolphins, layer by layer, in this unique book. Kids can plunge into weird and wild facts, cool illustrations, diagrams, and an amazing 3-D layered model of a bottlenose dolphin. With over 4 million copies in print, the Uncover It series combines the best elements of a book with 3-D layered models to help readers truly "uncover" the mysteries of what makes things work, providing a unique approach to learning. The series' three-dimensional presentation allows for in-depth exploration of each subject. Each title features colourful illustrations and a unique "model" that can be built and deconstructed, layer by layer, by simply turning the page. Ages 8 and up |
| 650 ## - SUBJECT ADDED ENTRY--TOPICAL TERM | |
| Topical term or geographic name entry element | Anatomy |
| Form subdivision | Animals |
| General subdivision | Board book |
| 942 ## - ADDED ENTRY ELEMENTS (KOHA) | |
| Source of classification or shelving scheme | Dewey Decimal Classification |
| Koha item type | Books |
| Suppress in OPAC | No |
| Withdrawn status | Lost status | Source of classification or shelving scheme | Damaged status | Not for loan | Collection | Home library | Current library | Shelving location | Date acquired | Total Checkouts | Full call number | Barcode | Date last seen | Copy number | Price effective from | Koha item type | Date last checked out |
|---|---|---|---|---|---|---|---|---|---|---|---|---|---|---|---|---|---|
| Dewey Decimal Classification | Non-Fiction | Footprints International School Library Network Toul Kork Campus | Footprints International School Library Network Toul Kork Campus | Librarian's Shelf TK | 08/27/2025 | GOR 599.53 QL737.C432 G67 | 2025-4288 | 08/27/2025 | 1 | 08/27/2025 | Books | ||||||
| Dewey Decimal Classification | Non-Fiction | Footprints International School Library Network Toul Tom Poung Campus | Footprints International School Library Network Toul Tom Poung Campus | TTP Secondary Non-Fiction Bookshelves | 09/05/2025 | 1 | GOR 599.53 QL737.C432 G67 | 2025-4388 | 11/10/2025 | 2 | 09/05/2025 | Books | 10/31/2025 |
